Hệ thống mục lục ngân sách nhà nước
Sách liệt kê danh mục và cấp quản lí ngân sách của các cơ quan nhà nước trong hệ thống Chính phủ nước CHXHCNVN, các tiểu mục về các khoản chi phí trong hệ thống hành chánh sự nghiệp. Sách rất cần cho các nhà quản lí, tài vụ tra cứu để đie...
সংরক্ষণ করুন:
| সংস্থা লেখক: | |
|---|---|
| বিন্যাস: | গ্রন্থ |
| ভাষা: | Undetermined |
| প্রকাশিত: |
Hà Nội
Tài chính
2000
|
| বিষয়গুলি: | |
| ট্যাগগুলো: |
ট্যাগ যুক্ত করুন
কোনো ট্যাগ নেই, প্রথমজন হিসাবে ট্যাগ করুন!
|
| Thư viện lưu trữ: | Trung tâm Học liệu Trường Đại học Cần Thơ |
|---|
| LEADER | 01046nam a2200205Ia 4500 | ||
|---|---|---|---|
| 001 | CTU_40005 | ||
| 008 | 210402s9999 xx 000 0 und d | ||
| 082 | |a 025.11 | ||
| 082 | |b B450/2000 | ||
| 110 | |a Bộ Tài chính | ||
| 245 | 0 | |a Hệ thống mục lục ngân sách nhà nước | |
| 245 | 0 | |c Bộ Tài chính | |
| 260 | |a Hà Nội | ||
| 260 | |b Tài chính | ||
| 260 | |c 2000 | ||
| 520 | |a Sách liệt kê danh mục và cấp quản lí ngân sách của các cơ quan nhà nước trong hệ thống Chính phủ nước CHXHCNVN, các tiểu mục về các khoản chi phí trong hệ thống hành chánh sự nghiệp. Sách rất cần cho các nhà quản lí, tài vụ tra cứu để điều hành, phân phối và lập dự án dự chi ngân hành thuộc lĩnh vực mình quản lí. | ||
| 650 | |a Finance, public | ||
| 650 | |z Vietnam | ||
| 904 | |i QHieu | ||
| 980 | |a Trung tâm Học liệu Trường Đại học Cần Thơ | ||